面積の狭い町村TOP100 (2000年) - Statistics

General Stats
  • This quiz has been taken 71 times
  • The average score is 40 of 100
Answer Stats
順位 都道府県 面積 町村名 % Correct
9位 富山県 3.47km² 舟橋村
83%
12位 大阪府 3.86km² 田尻町
70%
16位 大阪府 4.03km² 忠岡町
70%
8位 岐阜県 3.39km² 墨俣町
63%
19位 鳥取県 4.16km² 日吉津村
63%
22位 奈良県 4.33km² 安堵町
63%
17位 奈良県 4.07km² 三宅町
61%
36位 東京都 5.98km² 青ヶ島村
61%
76位 奈良県 8.80km² 三郷町
61%
10位 沖縄県 3.74km² 渡名喜村
59%
27位 岐阜県 5.17km² 北方町
59%
37位 三重県 5.99km² 朝日町
59%
74位 三重県 8.71km² 川越町
59%
10位 群馬県 3.74km² 新町
57%
46位 奈良県 7.00km² 王寺町
57%
56位 岐阜県 7.90km² 岐南町
57%
2位 高知県 1.64km² 赤岡町
54%
18位 東京都 4.12km² 利島村
54%
33位 奈良県 5.94km² 川西町
54%
35位 京都府 5.97km² 大山崎町
54%
84位 山梨県 9.15km² 昭和町
54%
1位 長崎県 1.27km² 高島町
52%
7位 愛知県 3.36km² 西枇杷島町
52%
5位 三重県 2.88km² 鵜殿村
50%
28位 愛知県 5.25km² 清洲町
50%
39位 奈良県 6.14km² 上牧町
50%
40位 愛知県 6.19km² 豊山町
50%
42位 高知県 6.56km² 田野町
50%
44位 愛知県 6.58km² 大治町
50%
47位 神奈川県 7.02km² 真鶴町
50%
65位 奈良県 8.27km² 河合町
50%
78位 静岡県 8.84km² 清水町
50%
34位 和歌山県 5.96km² 太地町
48%
4位 岐阜県 2.61km² 兼山町
46%
14位 三重県 3.90km² 香良洲町
46%
15位 愛知県 4.01km² 春日町
46%
42位 神奈川県 6.56km² 開成町
46%
45位 大分県 6.79km² 姫島村
46%
54位 滋賀県 7.78km² 豊郷町
46%
86位 愛知県 9.33km² 甚目寺町
46%
30位 福岡県 5.60km² 吉富町
43%
52位 三重県 7.76km² 楠町
43%
73位 福岡県 8.70km² 志免町
43%
25位 静岡県 4.63km² 舞阪町
41%
50位 岡山県 7.61km² 早島町
41%
55位 埼玉県 7.86km² 大井町
41%
66位 愛知県 8.33km² 七宝町
41%
92位 新潟県 9.86km² 粟島浦村
41%
94位 愛知県 9.92km² 美和町
41%
3位 長崎県 2.25km² 伊王島町
39%
81位 神奈川県 9.08km² 二宮町
39%
98位 愛知県 9.98km² 西春町
39%
6位 愛媛県 3.17km² 魚島村
37%
26位 愛知県 4.70km² 新川町
37%
31位 富山県 5.80km² 下村
37%
51位 沖縄県 7.62km² 粟国村
37%
57位 富山県 7.96km² 大島町
37%
61位 香川県 8.07km² 宇多津町
37%
63位 静岡県 8.15km² 雄踏町
37%
69位 香川県 8.46km² 琴平町
37%
75位 徳島県 8.77km² 北島町
37%
82位 兵庫県 9.09km² 播磨町
37%
67位 愛知県 8.39km² 師勝町
35%
97位 愛知県 9.97km² 十四山村
35%
21位 山梨県 4.26km² 勝山村
33%
23位 沖縄県 4.45km² 与那原町
33%
24位 長崎県 4.49km² 香焼町
33%
38位 三重県 6.05km² 御薗村
33%
59位 福岡県 8.04km² 糸田町
33%
13位 愛媛県 3.87km² 生名村
28%
53位 岐阜県 7.77km² 柳津町
28%
20位 高知県 4.25km² 吉川村
26%
32位 埼玉県 5.82km² 南河原村
26%
58位 岐阜県 8.02km² 川島町
26%
64位 山梨県 8.22km² 玉穂町
26%
83位 石川県 9.12km² 美川町
26%
89位 愛知県 9.51km² 木曽川町
26%
95位 愛知県 9.92km² 小坂井町
26%
48位 佐賀県 7.28km² 呼子町
24%
49位 福岡県 7.46km² 金田町
24%
59位 山梨県 8.04km² 八田村
24%
62位 福岡県 8.12km² 大島村
24%
87位 滋賀県 9.45km² 虎姫町
24%
88位 岡山県 9.50km² 清音村
24%
29位 愛媛県 5.52km² 関前村
22%
41位 石川県 6.39km² 七塚町
22%
71位 鹿児島県 8.68km² 鹿島村
22%
85位 福島県 9.22km² 伊達町
22%
91位 沖縄県 9.73km² 知念村
22%
99位 山梨県 10.09km² 田富町
22%
70位 徳島県 8.52km² 羽ノ浦町
17%
71位 広島県 8.68km² 下蒲刈町
17%
77位 愛知県 8.83km² 平和町
17%
80位 新潟県 9.04km² 月潟村
17%
90位 千葉県 9.72km² 蓮沼村
17%
68位 福岡県 8.45km² 碓井町
15%
79位 岡山県 9.01km² 寄島町
15%
93位 熊本県 9.89km² 宮原町
15%
100位 広島県 10.13km² 木江町
15%
96位 長崎県 9.96km² 口之津町
11%
No matching quizzes found
Score Distribution
Percent of People with Each Score
Percentile by Number Answered
Your Score History
You have not taken this quiz